Vanished kingdoms : (Record no. 161)

MARC details
000 -LEADER
fixed length control field 01343cam a22003254a 4500
005 - DATE AND TIME OF LATEST TRANSACTION
control field 20260322212008.0
008 - FIXED-LENGTH DATA ELEMENTS--GENERAL INFORMATION
fixed length control field data
010 ## - LIBRARY OF CONGRESS CONTROL NUMBER
LC control number 2002110404
020 ## - INTERNATIONAL STANDARD BOOK NUMBER
International Standard Book Number 1931788081
020 ## - INTERNATIONAL STANDARD BOOK NUMBER
International Standard Book Number 9781931788083
040 ## - CATALOGING SOURCE
Original cataloging agency DLC
Transcribing agency DLC
Modifying agency DLC
042 ## - AUTHENTICATION CODE
Authentication code pcc
043 ## - GEOGRAPHIC AREA CODE
Geographic area code a-cc-im
-- a-cc-ti
-- a-cc-im
050 00 - LIBRARY OF CONGRESS CALL NUMBER
Classification number DS710
Item number .C26 2003
092 ## - LOCALLY ASSIGNED DEWEY CALL NUMBER (OCLC)
Classification number 915.1 Cab 2003
001 - CONTROL NUMBER
control field data
100 1# - MAIN ENTRY--PERSONAL NAME
Personal name Cabot, Mabel H.
Fuller form of name (Mabel Hobart)
245 10 - TITLE STATEMENT
Title Vanished kingdoms :
Remainder of title a woman explorer in Tibet, China & Mongolia, 1921-1925 /
Statement of responsibility, etc. Mabel H. Cabot.
246 30 - VARYING FORM OF TITLE
Title proper/short title Woman explorer in Tibet, China & Mongolia, 1921-1925
250 ## - EDITION STATEMENT
Edition statement 1st ed.
260 ## - PUBLICATION, DISTRIBUTION, ETC.
Place of publication, distribution, etc. New York :
Name of publisher, distributor, etc. Aperture in association with the Peabody Museum of Archaeology and Ethnology, Harvard University,
Date of publication, distribution, etc. 2003.
300 ## - PHYSICAL DESCRIPTION
Extent 190 p. :
Other physical details chiefly ill. (some col), maps, ports ;
Dimensions 25 cm.
504 ## - BIBLIOGRAPHY, ETC. NOTE
Bibliography, etc. note Includes bibliographical references (p. 188).
600 10 - SUBJECT ADDED ENTRY--PERSONAL NAME
Personal name Wulsin, Janet E.
Fuller form of name (Janet Elliott)
General subdivision Travel
Geographic subdivision China.
651 #0 - SUBJECT ADDED ENTRY--GEOGRAPHIC NAME
Geographic name China
General subdivision Discovery and exploration.
651 #0 - SUBJECT ADDED ENTRY--GEOGRAPHIC NAME
Geographic name Tibet Autonomous Region (China)
General subdivision Discovery and exploration.
651 #0 - SUBJECT ADDED ENTRY--GEOGRAPHIC NAME
Geographic name Inner Mongolia (China)
General subdivision Discovery and exploration.
856 42 - ELECTRONIC LOCATION AND ACCESS
Materials specified Contributor biographical information
Uniform Resource Identifier <a href="http://www.loc.gov/catdir/bios/hol052/2002110404.html">http://www.loc.gov/catdir/bios/hol052/2002110404.html</a>
856 42 - ELECTRONIC LOCATION AND ACCESS
Materials specified Publisher description
Uniform Resource Identifier <a href="http://www.loc.gov/catdir/description/hol031/2002110404.html">http://www.loc.gov/catdir/description/hol031/2002110404.html</a>
Holdings
Withdrawn status Lost status Damaged status Not for loan Home library Current library Shelving location Date acquired Total checkouts Full call number Barcode Date last seen Price effective from Koha item type
        Franklin Franklin General stacks 22/03/2026   DS710 .C26 2003 BC0010166 22/03/2026 22/03/2026 Books